000 00353 a2200097 4500
245 0 0 _aDiody - Pomiar napięcia przewodzenia UF metodą impulsową PN-79/T-01504 ark. 71 /
_cMin. Przem. Maszynowego.
246 1 3 _aPN-79/T-01504 ark. 71
246 1 3 _a621.382.2:621.317.32
260 _aWarszawa :
_bMin. Przem. Maszynowego,
_c1979.
300 _a2 stron ;
_c30 cm.
650 _aPolska norma
999 _c21080
_d21080